| 000 | 00709cam a2200217 a 4500 | ||
|---|---|---|---|
| 005 | 20250901165526.0 | ||
| 008 | 111017s2011 enkc b 001 0 eng d | ||
| 010 | _a 2011507436 | ||
| 020 | _a9780414048645 (hbk.) | ||
| 020 | _a0414048644 (hbk.) | ||
| 020 | _a9780414048768 (pbk.) | ||
| 020 | _a0414048768 (pbk.) | ||
| 050 | 0 | 0 |
_aKD1819 .S67 2011 _b.S67 2011 |
| 082 | 0 | 4 |
_a343.41096 _222 |
| 245 | 0 | 0 |
_aMaritime law / _cedited by Yvonne Baatz. |
| 250 | _a2nd ed. | ||
| 260 |
_aLondon : _bSweet & Maxwell, _c2011. |
||
| 300 |
_acxii, 642 p. : _bports. ; _c25 cm. |
||
| 500 | _aRev. ed. of: Southampton on shipping law / Institute of Maritime Law. c2008. | ||
| 942 |
_2lcc _hKD1819 .S67 2011 |
||
| 999 |
_c5305 _d5305 |
||